[Event "BL2-O9192"]
[Site "Germany"]
[Date "1992.??.??"]
[Round "?"]
[White "Braun, Gottfried"]
[Black "Pribyl, Josef"]
[Result "0-1"]
[WhiteElo "2385"]
[BlackElo "2415"]

1.e4 c5 2.c3 Nf6 3.e5 Nd5 4.d4 cxd4 5.Nf3 Nc6 6.Bc4 e6 7.cxd4 d6 8.O-O Nb6
9.Bb3 dxe5 10.dxe5 Qxd1 11.Rxd1 g6 12.Nc3 Bg7 13.Bf4 O-O 14.Rd2 h6 15.h4 Rd8
16.Rad1 Rxd2 17.Rxd2 Nd7 18.Ba4 Rb8 19.a3 Kf8 20.Bxc6 bxc6 21.Ne4 Ke7 22.b4 Nb6
23.Be3 Nd7 24.Nd4 Bb7 25.f4 c5 26.Nxc5 Nxc5 27.bxc5 Bd5 28.Kf2 Kd7 29.Nc2 a5
30.Bd4 Rb3 31.a4 Bf8 32.g3 Rf3+ 33.Ke2 Rxg3 34.Ne3 Rh3 35.Nxd5 exd5 36.Bf2 Kc6
37.Rb2 Bxc5 38.Bxc5 Kxc5 39.Rb5+ Kd4 40.Rxa5 Ke4 41.Ra7 Rh2+ 42.Kd1 Kxf4
43.Rxf7+ Kxe5 44.Rg7 Kf6 45.Rd7 Ke6 46.Rg7 Kf5 47.Rf7+ Ke4 48.Rf6 Kd3 49.Rf3+ Kc4
50.Rg3 Rxh4 51.Rxg6 d4 52.a5 Rh1+ 53.Kd2 Rh2+ 54.Ke1 h5 55.a6 Ra2 56.Rh6 Kd3
57.Rxh5 Ra1+ 58.Kf2 Rxa6 59.Rd5 Re6 60.Rd8 Kc3 61.Ra8 d3 62.Ra3+ Kc2 63.Ra2+ Kb3
64.Ra8 d2 65.Rd8 Kc2 66.Rc8+ Kd1 67.Rf8 Rc6  0-1

[Event "BL2-O9192"]
[Site "Germany"]
[Date "1992.??.??"]
[Round "?"]
[White "Braun, Gottfried"]
[Black "Klebel, Martin"]
[Result "1/2-1/2"]
[WhiteElo "2385"]
[BlackElo "2435"]

1.e4 c5 2.c3 Nf6 3.e5 Nd5 4.d4 cxd4 5.Nf3 e6 6.cxd4 b6 7.Nc3 Nxc3 8.bxc3 Qc7
9.Bd2 Bb7 10.Bd3 d6 11.O-O Nd7 12.Re1 Be7 13.Rc1 O-O 14.Bf4 Rfd8 15.Qe2 Rac8
16.Ng5 Nf8 17.Qh5 g6 18.Qh6 Qd7 19.Re3 Bxg5 20.Bxg5 f5 21.exf6 Qf7 22.h4 Kh8
23.Qg7+ Qxg7 24.fxg7+ Kxg7 25.Bxd8 Rxd8 26.Be4 Bxe4 27.Rxe4 Rc8 28.Kf1 Rc4
29.Ke2 Ra4 30.Rc2 b5 31.Kd3 Ra3 32.Re1 Kf6 33.Rb1 a6 34.Rb3 Ra4 35.Rb4 Ra3
36.Kd2 Nd7 37.c4 bxc4 38.Rbxc4 Nb6 39.Rc6 Nd5 40.Rxd6 Ke7 41.Rdc6 Nb4 42.Rc7+ Kd6
43.R2c4 Rxa2+ 44.Ke1 Nd3+ 45.Kf1 Rxf2+ 46.Kg1 Ra2 47.Rxh7 Nf4 48.g4 Kd5 49.Rb4 Rg2+
50.Kf1 Rxg4 51.Ra4 Ke4 52.Rxa6 Kxd4 53.Kf2 Ke5 54.Kf3 Rg1 55.Ra5+ Nd5 56.h5 gxh5
57.Rxh5+ Kf6 58.Ra6 Ne7 59.Rh4 Re1 60.Re4 Rxe4 61.Kxe4  1/2-1/2

[Event "BL2-N9192"]
[Site "Germany"]
[Date "1992.??.??"]
[Round "?"]
[White "Rabiega, Robert"]
[Black "Lagunow, Alexander"]
[Result "1/2-1/2"]
[WhiteElo "2340"]
[BlackElo "2445"]

1.e4 c5 2.c3 Nf6 3.e5 Nd5 4.d4 cxd4 5.Nf3 Nc6 6.Bc4 Nb6 7.Bb3 d5 8.exd6 Qxd6
9.Na3 a6 10.O-O e6 11.cxd4 Be7 12.Be3 O-O 13.Qd2 Rd8 14.Rfd1 Bf6 15.Rac1 Qe7
16.Nc4 Nxc4 17.Bxc4 b5 18.Bxb5 axb5 19.Rxc6 Bb7 20.Rc5 Bxf3 21.gxf3 Qb7 22.Qe2 b4
23.b3 Be7 24.Rc4 Ra5 25.Rdc1 Bd6 26.f4 Qe4 27.Rc8 Rxc8 28.Rxc8+ Bf8 29.Qc2 Qd5
30.Qc7 Ra8 31.Rxa8 Qxa8 32.Qc2 Qf3 33.Qc8 h5 34.Qd8 Qe2 35.d5 Qd1+ 36.Kg2 Qg4+
37.Kf1 Qd1+ 38.Kg2 Qg4+  1/2-1/2

[Event "BL2-N9192"]
[Site "Germany"]
[Date "1992.??.??"]
[Round "?"]
[White "Rabiega, Robert"]
[Black "Lehmann, Heinz Dr"]
[Result "1-0"]
[WhiteElo "2400"]
[BlackElo "2330"]

1.e4 c5 2.c3 Nf6 3.e5 Nd5 4.d4 e6 5.Nf3 cxd4 6.Qxd4 Nc6 7.Qe4 d6 8.exd6 Bxd6
9.Bd3 Nf6 10.Qe2 O-O 11.Bg5 Be7 12.O-O Qc7 13.Nbd2 Rd8 14.Rad1 Bd7 15.Nc4 Be8
16.Bh4 b5 17.Ncd2 a6 18.Rfe1 Nh5 19.Bxe7 Qxe7 20.Ne5 g6 21.Be4 Rac8 22.Nxc6 Bxc6
23.Bxc6 Rxc6 24.Ne4 Rcc8 25.a4 Rxd1 26.Rxd1 Nf4 27.Qd2 e5 28.axb5 axb5 29.g3 Ne6
30.Qe2 Nc5 31.Nd6 Rb8 32.Nxb5 Qe6 33.c4 Rc8 34.Rd5 Nd7 35.b3 Ra8 36.Rd1 Qc6
37.Nc3 Qb7 38.Nd5 Kf8 39.b4 Qc6 40.b5 Qc5 41.Ne3 Nf6 42.Qf3  1-0

[Event "BL2-N9192"]
[Site "Germany"]
[Date "1992.??.??"]
[Round "?"]
[White "Blauert, Joerg"]
[Black "Lisek, Juergen"]
[Result "1/2-1/2"]
[WhiteElo "2375"]
[BlackElo "2270"]

1.e4 c5 2.c3 Nf6 3.e5 Nd5 4.d4 cxd4 5.Nf3 d6 6.cxd4 g6 7.Nc3 Nxc3 8.bxc3 Bg7
9.Bf4 O-O 10.Be2 Nc6 11.Qc1 dxe5 12.dxe5 Qa5 13.Qe3 Bg4 14.O-O Rac8 15.Rfe1 Nd8
16.Rac1 Qxa2 17.c4 Qa5 18.Ra1 Qb6 19.Rxa7 Qxe3 20.Bxe3 Bxf3 21.Bxf3 Rxc4
22.Bxb7 Bxe5 23.Bd5 Rc7 24.Rxc7 Bxc7 25.Bh6 Re8 26.Rc1 Be5 27.Rc8 Bg7 28.Be3 Kf8
29.Bc5 Ne6 30.Bxe6 fxe6 31.Rxe8+ Kxe8 32.f3 Be5 33.Kf2 h5 34.h3 Bd6 35.Ba7 Kf7
36.Ke3 Kf6 37.Ke4 Bg3 38.Bc5 Bd6  1/2-1/2

[Event "Ikaria op"]
[Site "GRE"]
[Date "1992.??.??"]
[Round "?"]
[White "Pandavos, Emanouel"]
[Black "Szekely, Peter"]
[Result "0-1"]
[WhiteElo "2345"]
[BlackElo "2450"]

1.e4 c5 2.c3 Nf6 3.e5 Nd5 4.d4 cxd4 5.Nf3 d6 6.exd6 Qxd6 7.cxd4 Nc6 8.Nc3 g6
9.Qb3 Nxc3 10.bxc3 Bg7 11.Be2 O-O 12.O-O b6 13.Be3 Bb7 14.Rac1 Rac8 15.Rfd1 Na5
16.Qb4 Bd5 17.Qxd6 exd6 18.Rd2 Nc4 19.Bxc4 Rxc4 20.Rb2 Rfc8 21.Bd2 Bxf3 22.gxf3 Bxd4
23.Rb3 Be5 24.Kg2 Ra4 25.a3 Kg7 26.Rd1 Rc5 27.f4 Bxf4 28.Bxf4 Rxf4 29.Rxd6 Rg5+
30.Kf1 Rh5 31.Rd7 Rxh2 32.Rb2 Ra4 33.Re2 Rxa3 34.Kg1 Rh5 35.c4 Rg5+ 36.Kh2 Rf3
37.Rxa7 Rf4 38.Ra3 Rxc4  0-1

[Event "Groningen op"]
[Site "Groningen"]
[Date "1992.??.??"]
[Round "4"]
[White "Blauert, Joerg"]
[Black "Rotstein, Arkadij"]
[Result "0-1"]
[WhiteElo "2370"]
[BlackElo "2515"]

1.e4 c5 2.c3 Nf6 3.e5 Nd5 4.d4 cxd4 5.Nf3 e6 6.Bc4 Nb6 7.Bb3 dxc3 8.Nxc3 d5
9.exd6 Qxd6 10.Qe2 Nc6 11.O-O a6 12.Rd1 Qc7 13.g3 Bd7 14.Bf4 Qd8 15.Ne4 Be7
16.Nd6+ Bxd6 17.Bxd6 Ne7 18.Qe5 f6 19.Qe4 Kf7 20.Nd4 Ned5 21.Bc5 Re8 22.Nf5 exf5
23.Bxd5+ Kg6 24.Qf4 Nxd5 25.Rxd5 Qc8 26.Be3 Bc6 27.Rd4 Qe6 28.a3 Rad8 29.Rad1 Rxd4
30.Rxd4 Qa2 31.Rd1 Qxb2 32.g4 Qc2 33.gxf5+ Qxf5 34.Qg3+ Kf7 35.h4 Qe4 36.Kh2 Re5
37.Bf4 Rf5 38.Be3 Re5 39.Bf4 Rd5 40.Rg1 g6  0-1

[Event "Gyor opJ"]
[Site "Gyor"]
[Date "1992.??.??"]
[Round "?"]
[White "Csato, Eszter"]
[Black "Trisic, Alexandar"]
[Result "0-1"]
[WhiteElo "2035"]
[BlackElo "2235"]

1.e4 c5 2.c3 Nf6 3.e5 Nd5 4.d4 cxd4 5.Qxd4 e6 6.Nf3 Nc6 7.Qg4 Qc7 8.Qg3 d6
9.Bb5 dxe5 10.Qxe5 Bd7 11.Qxc7 Nxc7 12.Bc4 Bd6 13.Be3 Ne5 14.Nbd2 Nxf3+ 15.Nxf3 Bc6
16.Be2 Nd5 17.Bd4 f6 18.a3 e5 19.Be3 Nxe3 20.fxe3 Bc5 21.Kf2 O-O-O 22.Rad1 Ba4
23.Rxd8+ Rxd8 24.b4 Bb6 25.Bc4 Rd6 26.Ke2 Rc6 27.Nd2 Kd7 28.Rc1 Rxc4 29.Nxc4 Bb5
30.Kd3 e4+ 31.Kxe4 Bxc4 32.a4 Bc7 33.Kd4 Bb3 34.a5 Bxh2 35.c4 Be5+ 36.Kd3 Kc6
37.Rh1 h6 38.Rc1 Ba4 39.Rb1 Kd6 40.e4 Be8 41.Ke3 Bh5 42.b5 Kc5 43.b6 a6 44.Kd3 Bg4
45.Ke3 Kxc4 46.Kf2 Kd3 47.Rb4 h5 48.g3 Bc3 49.Rb3 Kd4 50.Ra3 Bd7 51.Kf3 Bc6
52.Kf4 Bd2+ 53.Kf5 Bxe4+ 54.Ke6 Bd5+ 55.Kf5 Be4+ 56.Ke6 f5 57.Kf7 g5 58.Kf6 h4  0-1

[Event "Gyor opJ"]
[Site "Gyor"]
[Date "1992.??.??"]
[Round "?"]
[White "Mokcsay, Robert"]
[Black "Szuk, Balazs"]
[Result "1/2-1/2"]
[WhiteElo "2295"]
[BlackElo "2310"]

1.e4 c5 2.c3 Nf6 3.e5 Nd5 4.d4 cxd4 5.cxd4 d6 6.Nf3 Nc6 7.Bc4 Nb6 8.Bb3 dxe5
9.d5 Na5 10.Nc3 Nxb3 11.Qxb3 e6 12.dxe6 Bxe6 13.Qb5+ Nd7 14.O-O Qc7 15.Be3 Bc4
16.Rac1 Bxb5 17.Nxb5 Qa5 18.Nc7+ Kd8 19.Nxa8 Bd6 20.Rfd1 Ke7 21.Nd2 b5 22.Ne4 Bb8
23.Bd2 Qa4 24.Nc3 Qc4 25.Nd5+ Qxd5 26.Bg5+ Ke6 27.Rxd5 Kxd5 28.Nc7+ Bxc7
29.Rxc7 Kd6 30.Rxa7 Rc8 31.Ra5 Kc6 32.Ra3 b4 33.Rb3 Ra8 34.Rxb4 Rxa2 35.g3 Nc5
36.Be3 Nd3 37.Rc4+ Kd5 38.Rc7 f5 39.Kg2 Rxb2 40.Rxg7 Ke4 41.Rxh7 Ne1+ 42.Kh3 Nd3
43.Kg2 Ne1+  1/2-1/2

[Event "Gyor opJ"]
[Site "Gyor"]
[Date "1992.??.??"]
[Round "?"]
[White "Zila, Laszlo"]
[Black "Szuk, Balazs"]
[Result "1/2-1/2"]
[WhiteElo "2210"]
[BlackElo "2310"]

1.e4 c5 2.c3 Nf6 3.e5 Nd5 4.d4 cxd4 5.cxd4 d6 6.Nf3 Nc6 7.Bc4 Nb6 8.Bb5 dxe5
9.Nxe5 Bd7 10.Nc3 Nxe5 11.dxe5 Bxb5 12.Nxb5 Qxd1+ 13.Kxd1 Nd5 14.Ke2 a6 15.Nd4 e6
16.Rd1 O-O-O 17.Be3 Kb8 18.Rac1  1/2-1/2

[Event "Hamburg-ch"]
[Site "Hamburg"]
[Date "1992.??.??"]
[Round "6"]
[White "Engelbert, Christoph"]
[Black "Michaelsen, Nils"]
[Result "1/2-1/2"]
[WhiteElo "2275"]
[BlackElo "2385"]

1.e4 c5 2.c3 Nf6 3.e5 Nd5 4.d4 cxd4 5.cxd4 d6 6.Nf3 Nc6 7.Bc4 Nb6 8.Bb5 dxe5
9.Nxe5 Bd7 10.Nxd7 Qxd7 11.Nc3 e6 12.O-O Rd8 13.Be3 Be7 14.Rc1 O-O 15.Na4 Qd5
16.Bxc6 bxc6 17.Nxb6 axb6 18.Qb3 Qxb3 19.axb3 Rd6 20.Ra1 Rc8 21.Ra6 b5 22.Rc1 h5
23.Rb6 Bf6 24.Rxb5 Bxd4 25.Bxd4 Rxd4 26.Rxh5 Rd2 27.Rhc5 Rxb2 28.g3 Rxb3
29.Rxc6 Rxc6 30.Rxc6 g6  1/2-1/2

[Event "Hamburg op"]
[Site "Hamburg"]
[Date "1992.??.??"]
[Round "8"]
[White "Blauert, Joerg"]
[Black "Stanke, Juergen"]
[Result "1-0"]
[WhiteElo "2370"]
[BlackElo "2240"]

1.e4 c5 2.c3 Nf6 3.e5 Nd5 4.d4 cxd4 5.Nf3 Nc6 6.Bc4 Nb6 7.Bb3 d6 8.exd6 dxc3
9.Nxc3 exd6 10.Ng5 d5 11.O-O Be7 12.Qh5 g6 13.Qh6 Be6 14.Re1 Qd7 15.Bf4 a6
16.a4 Na5 17.Ba2 Bd6 18.Be3 Nbc4 19.Nxd5 O-O-O 20.Nxe6 Qxe6 21.Nb6+ Kb8 22.Nxc4 Nxc4
23.Ba7+  1-0

[Event "EU-ch U20 Girls"]
[Site "Hradec Kralove"]
[Date "1992.??.??"]
[Round "?"]
[White "Holoubkova, Martina"]
[Black "Licina, Anita"]
[Result "0-1"]
[WhiteElo "2045"]
[BlackElo "2070"]

1.e4 c5 2.c3 Nf6 3.e5 Nd5 4.d4 cxd4 5.Nf3 e6 6.cxd4 d6 7.Nc3 Nxc3 8.bxc3 Qc7
9.Bd2 Nd7 10.Bb5 a6 11.exd6 Bxd6 12.Bd3 b5 13.O-O Bb7 14.Qe2 O-O 15.a4 bxa4
16.Rxa4 a5 17.d5 Bxd5 18.Rh4 g6 19.Ng5 Be7 20.c4 Bxg5 21.Bxg5 Bc6 22.Re1 e5
23.Rxh7 e4 24.Rh6 Rfe8 25.Bc2 Qe5 26.Qg4 Qb2 27.Qh4 Qg7 28.Rd1 Re6 29.h3 a4
30.Qg3 a3 31.Bb3 a2 32.Bxa2 Rxa2 33.Qc7 Ra1  0-1

[Event "HUN-chT"]
[Site "HUN"]
[Date "1992.??.??"]
[Round "?"]
[White "Fodre, Sandor"]
[Black "Farago, Sandor"]
[Result "1-0"]
[WhiteElo "2260"]
[BlackElo "2385"]

1.e4 c5 2.c3 Nf6 3.e5 Nd5 4.d4 cxd4 5.Nf3 e6 6.cxd4 Be7 7.Bc4 Nb6 8.Bb3 d6
9.Qe2 Nc6 10.O-O d5 11.Nc3 O-O 12.Bc2 f5 13.exf6 Bxf6 14.Rd1 Nc4 15.b3 Nd6
16.Ne5 Bxe5 17.dxe5 Nf5 18.Bxf5 Rxf5 19.f4 Qb6+ 20.Kh1 Bd7 21.Na4 Qb4 22.Be3 b6
23.Rac1 Raf8 24.Rc2 Qe7 25.Rdc1 d4 26.Bd2 Qe8 27.Kg1 Ne7 28.Nb2 Nd5 29.g3 Qg6
30.Qd3 Qg4 31.Qxd4 g5 32.Nd3 gxf4 33.Nxf4 R8f7 34.Nxe6 Qxd4+ 35.Nxd4 Rxe5
36.Bh6 Rf6 37.Bd2 Bh3 38.Rc6 Rf7 39.Bh6 Rfe7 40.Nf3 Re2 41.R6c2 Rxc2 42.Rxc2 Rf7
43.Rf2 Nc3 44.Rd2 Rd7 45.a3 Ne4 46.Rd4 Rxd4 47.Nxd4 a6 48.Be3 Kf7 49.a4 Bd7
50.Nf3 Be6 51.b4 b5 52.a5 Kf6 53.Kf1 Bc4+ 54.Ke1 Bd5 55.g4 Be6 56.h3 Bd5
57.Bd4+ Ke6 58.Ke2 Bb7 59.Ke3 Kd5 60.Bg7 Kc4 61.Bf8 Kd5 62.h4 Ke6 63.h5 Kf7
64.Bc5 Nf6 65.Ng5+ Kg8 66.Kf4 Bc8 67.Ne4 Nxg4 68.Bd4 Bd7 69.Nc5 Bc8 70.Nxa6 Bxa6
71.Kxg4 Kf7 72.Kf5 Ke7 73.Bc5+ Kf7  1-0

[Event "HUN-chT"]
[Site "HUN"]
[Date "1992.??.??"]
[Round "?"]
[White "Honos, Attila"]
[Black "Porubszky Angyalosine, Maria A"]
[Result "1-0"]
[WhiteElo "2315"]
[BlackElo "2210"]

1.e4 c5 2.c3 Nf6 3.e5 Nd5 4.d4 cxd4 5.Nf3 e6 6.cxd4 b6 7.Bd3 Ba6 8.O-O Bxd3
9.Qxd3 d6 10.Nbd2 Nd7 11.Nc4 Qc7 12.Bd2 dxe5 13.Ncxe5 Nxe5 14.Nxe5 a6 15.Rac1 Qb7
16.Qg3 g6 17.Qf3 a5 18.Rc6 Bg7 19.Rxb6 Qe7 20.Rb5 O-O 21.Bxa5 Rfc8 22.a3 Qe8
23.a4 Ra7 24.b3 f6 25.Ng4 h5 26.Ne3 Nc3 27.Bxc3 Rxc3 28.h3 Rd7 29.Rd1 Kh7
30.Qe2 f5 31.d5 exd5 32.Qd2 d4 33.Nd5 Rc6 34.Qf4 Qe2 35.Qf3 d3 36.Qxd3 Qxd3
37.Rxd3 Rcd6 38.a5 Be5 39.f4 Bxf4 40.Nxf4 Rxd3 41.Nxd3 Rxd3 42.b4 f4 43.a6  1-0

[Event "HUN-chT"]
[Site "HUN"]
[Date "1992.??.??"]
[Round "?"]
[White "Dovzik, Juri"]
[Black "Schneider, Attila"]
[Result "0-1"]
[WhiteElo "2360"]
[BlackElo "2375"]

1.e4 c5 2.c3 Nf6 3.e5 Nd5 4.d4 cxd4 5.Nf3 Nc6 6.Bc4 Nb6 7.Bb3 d6 8.exd6 Qxd6
9.Na3 a6 10.O-O e6 11.Qe2 dxc3 12.Rd1 Qc7 13.bxc3 Be7 14.c4 O-O 15.Bb2 Nd7
16.Rac1 Nc5 17.Bc2 b6 18.Bb1 Bb7 19.Ne5 Nxe5 20.Bxe5 Qc6 21.Qg4 f6 22.Ba1 Rad8
23.Qh3 Ne4 24.Nc2 Ng5 25.Qg3 Bd6 26.Nd4 Bxg3 27.Nxc6 Bxf2+ 28.Kxf2 Bxc6 29.Bd4 b5
30.cxb5 Bxb5 31.Bc2 Rd6 32.Be3 Rxd1 33.Bxd1 Rd8 34.a4 Be8 35.Be2 Bxa4 36.Bxa6 Ne4+
37.Kf3 Nd6 38.Rc7 Bd1+ 39.Kf2 Ne4+ 40.Ke1 Bb3 41.Rc8 Rxc8 42.Bxc8 Kf7 43.Ba6 g6
44.Bd3 Nd6 45.Bc5 Ne8 46.Kf2 Bd5 47.g3 e5 48.Ke3 Ng7 49.Bb6 Ne6 50.Bb5 f5
51.Bd7 g5 52.Bxe6+ Kxe6 53.Bd8 f4+ 54.Kf2 Kf5 55.h4 h6 56.hxg5 hxg5 57.gxf4 exf4
58.Be7 g4 59.Bd6 g3+ 60.Kg1 Kg4 61.Bc7 f3 62.Bb6 Bc4 63.Bc5 Kf5 64.Bb6 Ke4  0-1

[Event "HUN-chT"]
[Site "HUN"]
[Date "1992.??.??"]
[Round "?"]
[White "Palkovi, Jozsef"]
[Black "Mate, Laszlo"]
[Result "1-0"]
[WhiteElo "2410"]
[BlackElo "2295"]

1.e4 c5 2.c3 Nf6 3.e5 Nd5 4.d4 cxd4 5.cxd4 d6 6.Bc4 Nb6 7.Bb5+ Bd7 8.e6 Bxb5
9.Qh5 Qc8 10.Qxb5+ Qc6 11.exf7+ Kd7 12.Qg5 Qd5 13.Qg3 Nc6 14.Ne2 Qxf7 15.O-O e6
16.Nbc3 d5 17.a4 Bb4 18.Nb5 Rhc8 19.a5 Nxa5 20.Nf4 a6 21.Nd3 Nc6 22.Nxb4 axb5
23.Rxa8 Rxa8 24.Nd3 Ra1 25.Re1 Kc8 26.Nc5 Nxd4 27.Qc3 Nc6 28.Nxe6 g6 29.b3 Ra2
30.Qh8+ Kd7 31.Nc5+ Kd6 32.Nd3 Ra8 33.Qc3 Re8 34.Qc5+ Kc7 35.Rxe8 Qxe8 36.Bf4+ Kd7
37.Qd6+  1-0

[Event "HUN-chT"]
[Site "HUN"]
[Date "1992.??.??"]
[Round "?"]
[White "Plecsko, Zoltan"]
[Black "Csonkics, Tunde"]
[Result "0-1"]
[WhiteElo "2205"]
[BlackElo "2315"]

1.e4 c5 2.c3 Nf6 3.e5 Nd5 4.d4 cxd4 5.Qxd4 e6 6.Nf3 Nc6 7.Qe4 d6 8.Nbd2 Be7
9.Nc4 dxe5 10.Ncxe5 Nxe5 11.Nxe5 O-O 12.Bd3 f5 13.Qe2 Qc7 14.O-O Bd6 15.f4 b6
16.Bb5 Bb7 17.c4 Nf6 18.Nf3 Ne4 19.Nd4 Rf6 20.Be3 g5 21.Ba4 a6 22.c5 Nxc5
23.Bc2 gxf4 24.Bf2 Rg6 25.Nf3 Ne4 26.Rac1 Bc5 27.Bxe4 fxe4 28.Bxc5 exf3 29.Rxf3 bxc5
30.Rf2 f3 31.Qe3 Rf8 32.g3 Bd5 33.Rxc5 Qg7 34.b3 Qa1+ 35.Rf1 f2+  0-1

[Event "HUN-chT"]
[Site "HUN"]
[Date "1992.??.??"]
[Round "6"]
[White "Rosta, Sandor"]
[Black "Mate, Laszlo"]
[Result "0-1"]
[WhiteElo "2300"]
[BlackElo "2295"]

1.e4 c5 2.c3 Nf6 3.e5 Nd5 4.d4 cxd4 5.cxd4 d6 6.Nf3 Nc6 7.Bc4 Nb6 8.Bb5 dxe5
9.Nxe5 Bd7 10.Bxc6 Bxc6 11.Nxc6 bxc6 12.O-O e6 13.Nc3 Be7 14.Qf3 O-O 15.Qxc6 Qxd4
16.Rd1 Qc4 17.Qxc4 Nxc4 18.Kf1 Bf6 19.Rd3 Rfd8 20.Ke2 Rxd3 21.Kxd3 Rc8 22.Rb1 Na3
23.Ra1 a5 24.Bd2 Rd8+ 25.Ke2 Nc4 26.Bc1 Bd4 27.Nd1 Rb8 28.Rb1 Na3 29.Ra1 e5
30.Kd3 f5 31.Bd2 e4+ 32.Kxd4 Nc2+ 33.Ke5 Nxa1 34.Bxa5 Rb5+  0-1

[Event "HUN-chT"]
[Site "HUN"]
[Date "1992.??.??"]
[Round "9"]
[White "Rovid, Kalman"]
[Black "Polgar, Istvan"]
[Result "1-0"]
[WhiteElo "2270"]
[BlackElo "2435"]

1.e4 c5 2.c3 Nf6 3.e5 Nd5 4.d4 cxd4 5.Nf3 Nc6 6.Bc4 Nb6 7.Bb3 d5 8.exd6 Qxd6
9.O-O d3 10.Na3 Bf5 11.Nb5 Qd7 12.Bf4 Rc8 13.Nxa7 Nxa7 14.Ne5 Qb5 15.a4 Qa6
16.Bxf7+ Kd8 17.g4 Be4 18.Re1 Bc6 19.Re3 Nd7 20.Rxd3 Rc7 21.Bc4 Qb6 22.a5 Qxb2
23.Ra2  1-0

[Event "HUN-chT"]
[Site "HUN"]
[Date "1992.??.??"]
[Round "9"]
[White "Rovid, Kalman"]
[Black "Horvath, Zoltan"]
[Result "1/2-1/2"]
[WhiteElo "2270"]
[BlackElo "2350"]

1.e4 c5 2.c3 Nf6 3.e5 Nd5 4.d4 cxd4 5.Qxd4 e6 6.Nf3 Nc6 7.Qe4 d6 8.Nbd2 dxe5
9.Nxe5 Nxe5 10.Qxe5 Qd6 11.Qd4 Nf6 12.Qxd6 Bxd6 13.Nc4 Bc7 14.Be3 O-O 15.O-O-O Nd5
16.Bd4 Rd8 17.Be5 Bd7 18.Bxc7 Nxc7 19.Ne5 Be8 20.Bc4 Ba4 21.b3 Bb5 22.Bxb5 Nxb5
23.Kb2 Kf8 24.a4 Nd6 25.Rd3 f6 26.Rhd1 Ke7 27.Ng4 Nf5 28.Kc2 h5 29.Ne3 Nxe3+
30.Rxe3 Rxd1 31.Kxd1 Rd8+ 32.Kc2  1/2-1/2

[Event "HUN-chT"]
[Site "HUN"]
[Date "1992.??.??"]
[Round "11"]
[White "Honos, Attila"]
[Black "Berebora, Ferenc"]
[Result "1/2-1/2"]
[WhiteElo "2315"]
[BlackElo "2330"]

1.e4 c5 2.c3 Nf6 3.e5 Nd5 4.d4 cxd4 5.Nf3 Nc6 6.cxd4 d6 7.Bc4 Nb6 8.Bb5 dxe5
9.Nxe5 Bd7 10.Bxc6 Bxc6 11.Nxc6 bxc6 12.O-O g6 13.Re1 Bg7 14.Bg5 Nc8 15.Qf3 Qb6
16.Nc3 O-O 17.Rad1 Bxd4 18.Na4 Qa5 19.Qxc6 Nb6 20.Bxe7 Rfc8 21.Qd6 Bg7 22.Nxb6 axb6
23.b3 Qxa2  1/2-1/2

[Event "Iraklion op"]
[Site "Iraklion"]
[Date "1992.??.??"]
[Round "4"]
[White "Domarkaite, Laima"]
[Black "Martidis, Alkis"]
[Result "0-1"]
[WhiteElo "2090"]
[BlackElo "2305"]

1.e4 c5 2.c3 Nf6 3.e5 Nd5 4.d4 cxd4 5.Nf3 e6 6.cxd4 b6 7.Nc3 Nxc3 8.bxc3 Qc7
9.Bd2 Be7 10.Bd3 Ba6 11.Bxa6 Nxa6 12.Qe2 Qb7 13.O-O h6 14.Rab1 Nc7 15.c4 O-O
16.d5 exd5 17.Nd4 Bc5 18.Nf5 Qc6 19.cxd5 Nxd5 20.Rb3 Ne7 21.Nd6 Ng6 22.Bb4 f6
23.Bxc5 Qxc5 24.Rb5 Qd4 25.Rd1 Qa4 26.exf6 Rxf6 27.Rbb1 Kh8 28.f3 Nf4 29.Qe4 Qc6
30.Kf1 Raf8 31.Qxc6 dxc6 32.Ne4 Rg6 33.g3 Nd5 34.Kg2 Ne3+  0-1

[Event "ISR-ch"]
[Site "ISR"]
[Date "1992.??.??"]
[Round "10"]
[White "Afek, Yochanan"]
[Black "Gruenfeld, Yehuda"]
[Result "1-0"]
[WhiteElo "2365"]
[BlackElo "2510"]

1.e4 c5 2.c3 Nf6 3.e5 Nd5 4.Nf3 Nc6 5.Bc4 Nb6 6.Bb3 d5 7.exd6 Qxd6 8.O-O c4
9.Bc2 g6 10.b3 cxb3 11.axb3 Bg7 12.d4 O-O 13.Nbd2 Nd5 14.Nc4 Qd8 15.Bd2 b6
16.Nfe5 Nxe5 17.Nxe5 Bb7 18.c4 Nc7 19.Bc3 e6 20.Qe2 Qe7 21.Be4 Bxe4 22.Qxe4 Qd6
23.Rfd1 Rfe8 24.Qf4 Qe7 25.Qf3 Bxe5 26.dxe5 Rec8 27.Rd6 b5 28.Rad1 bxc4 29.Rd7 Qe8
30.bxc4 Nd5 31.R7xd5 exd5 32.cxd5 Rab8 33.Ba1 Qa4 34.e6 Rb7 35.Rf1 Qc4 36.Qf6  1-0

[Event "Javea"]
[Site "Javea"]
[Date "1992.??.??"]
[Round "7"]
[White "Garcia Fernandez, Carlos"]
[Black "Franco Ocampo, Zenon"]
[Result "1/2-1/2"]
[WhiteElo "2390"]
[BlackElo "2520"]

1.e4 c5 2.c3 Nf6 3.e5 Nd5 4.d4 cxd4 5.Nf3 e6 6.cxd4 b6 7.Nc3 Nxc3 8.bxc3 Qc7
9.Bd2 Be7 10.Bd3 Ba6 11.c4 Bxc4 12.Rc1 b5 13.Bxc4 bxc4 14.Qe2 O-O 15.Rxc4 Nc6
16.O-O Qb7 17.Qe4 Qb5 18.Rc3 f5 19.exf6 Bxf6 20.Bf4 Qa4 21.Bd6 Rf7 22.Ra3 Qc4
23.Rd1 Rc8 24.h3 h6  1/2-1/2

[Event "Karvina op"]
[Site "Karvina"]
[Date "1992.??.??"]
[Round "1"]
[White "Henao, Raul Fernando"]
[Black "Stripunsky, Alexander"]
[Result "1/2-1/2"]
[WhiteElo "2410"]
[BlackElo "2415"]

1.e4 c5 2.c3 Nf6 3.e5 Nd5 4.d4 cxd4 5.cxd4 Nc6 6.Nf3 d6 7.Bc4 Nb6 8.Bb5 dxe5
9.Nxe5 Bd7 10.Bxc6 Bxc6 11.Nxc6 bxc6 12.O-O e6 13.Bf4 Be7 14.Nc3 O-O 15.Be5 Qd7
16.Qg4 f6 17.Bf4 Rfe8 18.Rad1 Rad8 19.a3 Bf8 20.Rfe1 Qf7 21.Qf3 Nd5 22.Nxd5 Rxd5
23.Be3 a5 24.Rc1 Qd7 25.Rc4 Rb8 26.Qe2 Rb6 27.Rec1 Qb7 28.R1c2 Kf7 29.g3 Be7
30.h3 h5 31.h4 Rb3 32.Rxc6 Rxb2 33.Bd2 Rb1+ 34.Kh2 Qd7 35.Rc7 Qb5 36.Qxb5 Rdxb5
37.Ra7 Rb7 38.Rxa5 Kg6 39.Ra6 Kf5 40.Kg2 R1b6 41.Rxb6 Rxb6 42.a4 Ra6 43.a5 Ke4
44.Rc7 Bd8 45.Rxg7 Bxa5 46.Be3 Rd6 47.g4 hxg4 48.Rxg4+ Kf5 49.Kf3 Rd8 50.h5 Bc7
51.Rg7 Bd6 52.Rh7 Bh2 53.Kg2 Bf4 54.Kf3 Bh2 55.Rb7 e5 56.Rb5 Rh8 57.h6 Kg6
58.d5 Re8 59.Kg2 Bf4 60.Bxf4 exf4 61.Kf3 Re5 62.Kxf4 Kxh6 63.Kg3 Rg5+ 64.Kh3 Kg6  1/2-1/2

[Event "Karvina op"]
[Site "Karvina"]
[Date "1992.??.??"]
[Round "5"]
[White "Maciejewski, Andrzej"]
[Black "Brodsky, Michail"]
[Result "1/2-1/2"]
[WhiteElo "2365"]
[BlackElo "2540"]

1.e4 c5 2.c3 Nf6 3.e5 Nd5 4.d4 cxd4 5.Nf3 Nc6 6.cxd4 d6 7.Bc4 Nb6 8.Bb5 dxe5
9.Nxe5 Bd7 10.Bxc6 Bxc6 11.Nxc6 bxc6 12.O-O g6 13.Nc3 Bg7 14.Be3 O-O 15.Qe2 Nd5
16.Nxd5 cxd5 17.Qa6 Qd7 18.Rfc1 Rfc8 19.b4 e5 20.Rd1 Rc4 21.dxe5 Rxb4 22.Bc5 Re4
23.Rab1 Bxe5 24.Qb7 Rd8 25.Bxa7 Qf5 26.g3 d4 27.Rb3 Re2 28.Rf3 Qd7 29.Qxd7 Rxd7
30.Ra3 Rc2 31.Kg2 f5 32.Rdd3 Rc4 33.Ra6 Kf7 34.a4 Rc3 35.Rd2 d3 36.Be3 Ra3
37.Kf3 Rd5 38.Rd1 Bc3 39.h4 Ra2 40.Ra7+ Ke6 41.Rxh7 Rxa4 42.Rh6 Kf7  1/2-1/2

[Event "Katowice op"]
[Site "Katowice"]
[Date "1992.??.??"]
[Round "5"]
[White "Stripunsky, Alexander"]
[Black "Dvoirys, Semen I"]
[Result "1/2-1/2"]
[WhiteElo "2395"]
[BlackElo "2515"]

1.e4 c5 2.c3 Nf6 3.e5 Nd5 4.d4 cxd4 5.cxd4 d6 6.Nf3 Nc6 7.Bc4 Nb6 8.Bb5 dxe5
9.Nxe5 Bd7 10.Nxd7 Qxd7 11.Nc3 e6 12.Qg4 h5 13.Qf3 a6 14.Bxc6 Qxc6 15.Qxc6+ bxc6
16.Ke2 Kd7 17.Be3 Bd6 18.Ne4 Nd5 19.Nxd6 Kxd6 20.Rhc1 Rhb8 21.b3 a5 22.Rc5 a4
23.Rac1 Rb6 24.b4 Rxb4 25.Rxc6+ Kd7 26.R6c4 Rb2+ 27.R1c2 Rxc2+ 28.Rxc2 Rb8
29.Bd2 Rb1 30.h4 g6  1/2-1/2

[Event "Kecskemet3"]
[Site "Kecskemet"]
[Date "1992.??.??"]
[Round "1"]
[White "Schmittdiel, Eckhard"]
[Black "Vaulin, Alexander"]
[Result "0-1"]
[WhiteElo "2485"]
[BlackElo "2520"]

1.e4 c5 2.c3 Nf6 3.e5 Nd5 4.d4 cxd4 5.Nf3 e6 6.cxd4 d6 7.Nc3 Nxc3 8.bxc3 Nd7
9.Bf4 Qc7 10.Qc2 dxe5 11.dxe5 Nc5 12.Bb5+ Bd7 13.Bxd7+ Qxd7 14.Rd1 Qa4 15.Qe2 Be7
16.Rd4 Qa6 17.c4 O-O 18.O-O Rfd8 19.Rfd1 Rxd4 20.Rxd4 Qb6 21.Qc2 Rd8 22.Be3 Rxd4
23.Bxd4 h6 24.Kf1 Qc6 25.Be3 a6 26.Nd4 Qc7 27.f4 Nd7 28.Qb3 Nb6 29.Nf5 Nxc4
30.Nxe7+ Kf8 31.Nd5 exd5 32.Qb4+ Kg8 33.Bd4 Qd7 34.Bf2 Qg4 35.g3 b5 36.Qc3 Qf5
37.Qd4 Qb1+ 38.Be1 Qxa2 39.e6 fxe6 40.f5 Qxh2  0-1

[Event "JUG-ch"]
[Site "Kladovo"]
[Date "1992.??.??"]
[Round "10"]
[White "Sibarevic, Milenko"]
[Black "Ristic, Nebojsa"]
[Result "1/2-1/2"]
[WhiteElo "2350"]
[BlackElo "2410"]

1.e4 c5 2.c3 Nf6 3.e5 Nd5 4.d4 cxd4 5.Nf3 e6 6.cxd4 Nc6 7.Bc4 d6 8.O-O Be7
9.Qe2 a6 10.exd6 Qxd6 11.Nc3 Nf6 12.Ne4 Nxe4 13.Qxe4 O-O 14.a3 b5 15.Bf4 Qd7
16.d5 f5 17.dxc6 fxe4 18.cxd7 Bxd7 19.Ne5 bxc4 20.Nxd7 Rxf4 21.Rac1 Rd8 22.Rfd1 e3
23.fxe3 Re4 24.Kf2 Bg5 25.Rc3 Rh4 26.h3 g6 27.Ke2 a5 28.Ne5 Rb8 29.Nxc4 Bf6
30.Rc2 a4 31.Rd6 Rc8 32.Kd3 Kf7 33.Rd4 Rxd4+ 34.exd4 Rd8 35.Nb6 Bxd4 36.Nxa4 Bxb2+
37.Ke2 Bxa3 38.Rc7+ Be7 39.Nc5 Rd4 40.Nd3 Kf6 41.Ke3 Ra4 42.Nf2 h5 43.Kf3 Bd6
44.Rc3 Be5 45.Rb3 Rf4+ 46.Ke3 g5 47.Rd3 g4 48.hxg4 hxg4 49.Rd8 Ra4 50.Ne4+ Ke7
51.Rd3 Ra1 52.Rd2 Rc1 53.Ra2 Kf7 54.Ra5 Re1+ 55.Kd3 Bf4 56.g3 Kg7 57.Rh5 Kg6  1/2-1/2

[Event "Kobanya op"]
[Site "Kobanya op"]
[Date "1992.??.??"]
[Round "11"]
[White "Okhotnik, Vladimir"]
[Black "Kozlov, Oleg"]
[Result "0-1"]
[WhiteElo "2380"]
[BlackElo "2365"]

1.e4 c5 2.c3 Nf6 3.e5 Nd5 4.d4 cxd4 5.Nf3 e6 6.cxd4 d6 7.Bc4 Nb6 8.Bd3 Nc6
9.O-O dxe5 10.dxe5 Nb4 11.Be4 Qxd1 12.Rxd1 N4d5 13.a4 a5 14.Bd3 Bd7 15.b3 Bb4
16.Nbd2 Nc3 17.Rf1 O-O 18.Ne4 Bc6 19.Nd6 Rfd8 20.Bb2 Bxd6 21.exd6 Rxd6 22.Bxh7+ Kxh7
23.Bxc3 Bxf3 24.gxf3 Rd3 25.Rfc1 Nd5 26.Be1 Rxb3 27.Rab1 Rxb1 28.Rxb1 b6
29.Rc1 Ra7 30.Bd2 Rc7 31.Ra1 Rc2 32.Be3 Rb2 33.Ra3 Kg6 34.Kg2 Kf5 35.Kg3 e5
36.Ra1 Rb3 37.Rd1 Nxe3 38.fxe3 Rxe3 39.Rd7 Kg6 40.Rd6+ f6 41.Rxb6 Ra3 42.Ra6 Rxa4
43.Ra7 Ra1 44.Kg2 a4 45.Kf2 a3 46.Kg3 a2 47.Kh3 f5 48.Kh4 e4 49.Ra6+ Kh7  0-1